[Event "Hastings Masters"]
[Site "Horntye, Hastings"]
[Date "2018.01.02"]
[Round "6.26"]
[White "Dev, Shah"]
[Black "Coleman, David J"]
[Result "0-1"]
[BlackElo "2076"]
[WhiteElo "1877"]
[LiveChessVersion "1.4.8"]

1. d4 {[%clk 1:39:51]} Nf6 {[%clk 1:40:51]} 2. Bf4 {[%clk 1:40:18]} g6
{[%clk 1:41:07]} 3. Nc3 {[%clk 1:40:42]} d5 {[%clk 1:41:26]} 4. e3
{[%clk 1:41:06]} Bg7 {[%clk 1:41:47]} 5. h4 {[%clk 1:41:32]} c6 {[%clk 1:36:05]}
6. Be2 {[%clk 1:41:27]} h5 {[%clk 1:34:49]} 7. Nf3 {[%clk 1:41:40]} Qb6
{[%clk 1:25:58]} 8. Rb1 {[%clk 1:41:24]} Ng4 {[%clk 1:18:53]} 9. O-O
{[%clk 1:33:10]} Nd7 {[%clk 1:16:07]} 10. e4 {[%clk 1:31:14]} dxe4
{[%clk 1:06:58]} 11. Nxe4 {[%clk 1:31:34]} O-O {[%clk 1:05:50]} 12. c3
{[%clk 1:28:09]} Ndf6 {[%clk 1:01:53]} 13. Nxf6+ {[%clk 1:17:46]} exf6
{[%clk 1:00:08]} 14. Bd3 {[%clk 1:17:30]} Be6 {[%clk 0:59:47]} 15. Nh2
{[%clk 1:15:20]} Nxh2 {[%clk 0:58:54]} 16. Kxh2 {[%clk 1:15:13]} Bxa2
{[%clk 0:58:46]} 17. Rc1 {[%clk 1:07:16]} Be6 {[%clk 0:58:15]} 18. Qd2
{[%clk 1:07:19]} Rad8 {[%clk 0:56:32]} 19. b4 {[%clk 1:02:58]} Rd7
{[%clk 0:55:13]} 20. Rfe1 {[%clk 1:02:50]} Re8 {[%clk 0:51:31]} 21. Bc4
{[%clk 1:01:14]} Kh7 {[%clk 0:48:34]} 22. Re2 {[%clk 0:58:17]} Qd8
{[%clk 0:46:51]} 23. Rce1 {[%clk 0:58:01]} Rde7 {[%clk 0:46:02]} 24. Bxe6
{[%clk 0:57:51]} Rxe6 {[%clk 0:45:43]} 25. Rxe6 {[%clk 0:57:33]} fxe6
{[%clk 0:34:44]} 26. Qa2 {[%clk 0:56:40]} e5 {[%clk 0:29:44]} 27. dxe5
{[%clk 0:55:15]} fxe5 {[%clk 0:29:31]} 28. Bg5 {[%clk 0:55:37]} Qc7
{[%clk 0:25:17]} 29. Re4 {[%clk 0:52:50]} a6 {[%clk 0:22:45]} 30. Qd2
{[%clk 0:48:17]} Rf8 {[%clk 0:22:41]} 31. c4 {[%clk 0:32:58]} Rf7
{[%clk 0:17:55]} 32. c5 {[%clk 0:32:11]} Rd7 {[%clk 0:16:06]} 33. Qe2
{[%clk 0:31:01]} Rd4 {[%clk 0:14:19]} 34. f4 {[%clk 0:20:36]} exf4
{[%clk 0:07:56]} 35. Bxf4 {[%clk 0:20:56]} Qd8 {[%clk 0:04:58]} 36. Bd6
{[%clk 0:20:41]} Qf6 {[%clk 0:02:59]} 37. Rxd4 {[%clk 0:20:18]} Qxd4
{[%clk 0:03:14]} 38. Qe7 {[%clk 0:20:46]} Qf6 {[%clk 0:03:30]} 39. Qe4
{[%clk 0:20:24]} Qd4 {[%clk 0:02:26]} 40. Qe7 {[%clk 0:20:37]} Qf6
{[%clk 0:01:59]} 41. Qe4 {[%clk 0:20:04]} Qd8 {[%clk 0:48:24]} 42. g3
{[%clk 1:05:43]} Qd7 {[%clk 0:48:27]} 43. Kg2 {[%clk 1:00:23]} Qg4
{[%clk 0:47:00]} 44. Qe7 {[%clk 1:00:24]} Qxb4 {[%clk 0:46:19]} 45. Qc7
{[%clk 0:59:02]} a5 {[%clk 0:42:39]} 46. Bf8 {[%clk 0:45:07]} Qb2+
{[%clk 0:42:36]} 47. Kh3 {[%clk 0:45:17]} a4 {[%clk 0:41:31]} 48. Bxg7 Qxg7
{[%clk 0:41:48]} 49. Qa5 {[%clk 0:46:09]} Qa1 {[%clk 0:33:20]} 50. Qc7+
{[%clk 0:46:12]} Qg7 {[%clk 0:32:41]} 51. Qa5 {[%clk 0:46:34]} Qe7
{[%clk 0:32:55]} 52. Qa7 {[%clk 0:45:26]} Qe6+ {[%clk 0:28:16]} 53. Kh2
{[%clk 0:45:11]} Qe2+ {[%clk 0:26:26]} 54. Kh3 {[%clk 0:45:23]} Qa6
{[%clk 0:25:50]} 55. Qb8 {[%clk 0:45:39]} Qf1+ {[%clk 0:26:07]} 56. Kh2
{[%clk 0:46:07]} Qf2+ {[%clk 0:26:12]} 57. Kh3 {[%clk 0:45:45]} Qf5+
{[%clk 0:25:17]} 58. Kh2 {[%clk 0:45:50]} Qf7 {[%clk 0:22:07]} 59. Qa7
{[%clk 0:45:36]} Qa2+ {[%clk 0:20:20]} 60. Kh3 {[%clk 0:45:38]} Qb1
{[%clk 0:20:33]} 61. Qb8 {[%clk 0:45:26]} Qh1# 0-1

[Event "Hastings Masters"]
[Site "Horntye, Hastings"]
[Date "2018.01.02"]
[Round "6.27"]
[White "Stoyanov, Viktor"]
[Black "Rayner, Francis"]
[Result "1-0"]
[BlackElo "2071"]
[WhiteElo "1950"]
[LiveChessVersion "1.4.8"]

1. d4 {[%clk 1:40:53]} Nf6 {[%clk 1:39:47]} 2. Nf3 {[%clk 1:41:09]} g6
{[%clk 1:39:50]} 3. Nbd2 {[%clk 1:41:26]} d5 {[%clk 1:35:47]} 4. e3
{[%clk 1:41:45]} Bg7 {[%clk 1:35:39]} 5. b4 {[%clk 1:42:07]} O-O {[%clk 1:31:20]}
6. Bb2 {[%clk 1:41:43]} c6 {[%clk 1:22:23]} 7. c4 {[%clk 1:40:33]} Bf5
{[%clk 1:16:52]} 8. Be2 {[%clk 1:39:12]} Nbd7 {[%clk 1:14:54]} 9. O-O
{[%clk 1:34:52]} Ne4 {[%clk 1:09:53]} 10. Rc1 {[%clk 1:28:11]} Ndf6
{[%clk 1:06:55]} 11. a4 {[%clk 1:22:39]} a5 {[%clk 0:57:56]} 12. b5
{[%clk 1:19:36]} Nxd2 {[%clk 0:53:29]} 13. Nxd2 {[%clk 1:19:36]} Ne4
{[%clk 0:51:51]} 14. Nb3 {[%clk 1:04:04]} cxb5 {[%clk 0:48:03]} 15. cxb5
{[%clk 1:03:29]} b6 {[%clk 0:47:15]} 16. Bf3 {[%clk 0:56:04]} Nf6
{[%clk 0:44:22]} 17. Ba3 {[%clk 0:52:21]} Re8 {[%clk 0:44:09]} 18. Be2
{[%clk 0:46:35]} Bf8 {[%clk 0:39:28]} 19. Nd2 {[%clk 0:43:37]} Rc8
{[%clk 0:32:15]} 20. Qb3 {[%clk 0:40:30]} Be6 {[%clk 0:20:26]} 21. Rxc8
{[%clk 0:37:32]} Qxc8 {[%clk 0:20:38]} 22. Rc1 {[%clk 0:36:54]} Qb7
{[%clk 0:20:47]} 23. Nf3 {[%clk 0:35:24]} Ne4 {[%clk 0:17:03]} 24. Ne5
{[%clk 0:33:20]} f6 {[%clk 0:15:29]} 25. Rc6 {[%clk 0:30:54]} Nd6
{[%clk 0:13:17]} 26. Bxd6 {[%clk 0:28:31]} exd6 {[%clk 0:13:44]} 27. Nd3
{[%clk 0:28:46]} Bd7 {[%clk 0:11:26]} 28. Qxd5+ {[%clk 0:27:41]} Kg7
{[%clk 0:10:59]} 29. Rxd6 {[%clk 0:26:52]} Qxd5 {[%clk 0:11:18]} 30. Rxd5
{[%clk 0:27:18]} Be6 {[%clk 0:11:42]} 31. Nf4 {[%clk 0:27:04]} Bxd5
{[%clk 0:11:49]} 32. Nxd5 {[%clk 0:27:29]} Rb8 {[%clk 0:09:51]} 33. Kf1
{[%clk 0:25:33]} Bb4 {[%clk 0:08:40]} 34. Bc4 {[%clk 0:24:51]} f5
{[%clk 0:08:29]} 35. Ke2 {[%clk 0:24:36]} Bd6 {[%clk 0:05:46]} 36. h3
{[%clk 0:24:05]} Rb7 {[%clk 0:05:03]} 37. f3 {[%clk 0:22:24]} g5 {[%clk 0:03:54]}
38. Bd3 {[%clk 0:21:36]} f4 {[%clk 0:03:10]} 39. e4 {[%clk 0:20:55]} Be7
{[%clk 0:03:02]} 40. e5 {[%clk 0:20:43]} Bd8 {[%clk 0:03:13]} 41. Be4
{[%clk 0:20:08]} Ra7 {[%clk 0:45:34]} 42. Kd3 {[%clk 1:09:55]} h6
{[%clk 0:45:34]} 43. Bf5 {[%clk 1:06:30]} Kf8 {[%clk 0:43:55]} 44. Bc8
{[%clk 1:01:14]} Ra8 {[%clk 0:40:45]} 45. Bd7 {[%clk 1:01:02]} Rb8
{[%clk 0:39:18]} 46. Ke4 {[%clk 0:59:37]} Be7 {[%clk 0:37:58]} 47. Kf5
{[%clk 0:59:15]} Ba3 {[%clk 0:33:46]} 48. Kg6 {[%clk 0:57:46]} Rb7
{[%clk 0:30:52]} 49. e6 {[%clk 0:57:49]} Be7 {[%clk 0:30:41]} 50. Kxh6
{[%clk 0:57:48]} Bd8 {[%clk 0:30:23]} 51. Kg6 {[%clk 0:56:45]} Ra7
{[%clk 0:29:36]} 52. Kf5 {[%clk 0:56:26]} Kg7 {[%clk 0:28:13]} 53. Ke5
{[%clk 0:56:22]} Kf8 {[%clk 0:25:30]} 54. Kd6 {[%clk 0:56:35]} Rb7
{[%clk 0:25:37]} 55. e7+ {[%clk 0:56:40]} Bxe7+ {[%clk 0:26:04]} 56. Nxe7
{[%clk 0:57:04]} Kf7 {[%clk 0:25:57]} 57. Nd5 {[%clk 0:57:12]} Rb8
{[%clk 0:25:07]} 58. Kc7 {[%clk 0:57:17]} 1-0

[Event "Hastings Masters"]
[Site "Horntye, Hastings"]
[Date "2018.01.02"]
[Round "6.28"]
[White "Ahluwalia, Amardip"]
[Black "Graham, Cassie"]
[Result "1-0"]
[BlackElo "1792"]
[WhiteElo "2004"]
[LiveChessVersion "1.4.8"]

1. c4 {[%clk 1:40:48]} Nf6 {[%clk 1:40:43]} 2. g3 {[%clk 1:41:09]} g6
{[%clk 1:41:04]} 3. Bg2 {[%clk 1:40:53]} Bg7 {[%clk 1:41:24]} 4. Nc3
{[%clk 1:40:38]} d6 {[%clk 1:41:47]} 5. d3 {[%clk 1:40:09]} O-O {[%clk 1:42:12]}
6. Rb1 {[%clk 1:39:38]} e5 {[%clk 1:42:02]} 7. b4 {[%clk 1:39:12]} Nc6
{[%clk 1:41:22]} 8. Nf3 {[%clk 1:38:34]} Rb8 {[%clk 1:41:30]} 9. O-O
{[%clk 1:37:39]} Bd7 {[%clk 1:41:21]} 10. a4 {[%clk 1:36:15]} Qc8
{[%clk 1:40:06]} 11. Qb3 {[%clk 1:33:54]} Bh3 {[%clk 1:39:18]} 12. Ba3
{[%clk 1:32:46]} Bxg2 {[%clk 1:38:36]} 13. Kxg2 {[%clk 1:31:32]} Rd8
{[%clk 1:36:44]} 14. Rfc1 {[%clk 1:28:23]} Qg4 {[%clk 1:32:43]} 15. h3
{[%clk 1:23:10]} Qd7 {[%clk 1:31:42]} 16. e4 {[%clk 1:19:22]} Kh8
{[%clk 1:26:30]} 17. b5 {[%clk 1:14:02]} Nd4 {[%clk 1:19:46]} 18. Nxd4
{[%clk 1:12:34]} exd4 {[%clk 1:20:12]} 19. Nd5 {[%clk 1:11:49]} Nxd5
{[%clk 1:17:08]} 20. cxd5 {[%clk 1:12:07]} f5 {[%clk 1:12:52]} 21. Qc4
{[%clk 1:11:42]} fxe4 {[%clk 1:09:36]} 22. dxe4 {[%clk 1:10:48]} Qe7
{[%clk 1:09:15]} 23. f3 {[%clk 1:10:36]} Rd7 {[%clk 1:04:43]} 24. Bb2
{[%clk 1:09:19]} Qg5 {[%clk 1:01:53]} 25. Bxd4 {[%clk 1:08:10]} Rf8
{[%clk 0:48:39]} 26. Bxg7+ {[%clk 1:06:34]} Rxg7 {[%clk 0:48:53]} 27. Qd4
{[%clk 1:06:02]} b6 {[%clk 0:42:37]} 28. Rxc7 {[%clk 1:05:17]} 1-0

[Event "Hastings Masters"]
[Site "Horntye, Hastings"]
[Date "2018.01.02"]
[Round "6.29"]
[White "Munshi, Aditya"]
[Black "Anderson, John"]
[Result "0-1"]
[BlackElo "2184"]
[WhiteElo "2001"]
[LiveChessVersion "1.4.8"]

1. e4 {[%clk 1:40:57]} c5 {[%clk 1:40:52]} 2. Nf3 {[%clk 1:41:16]} d6
{[%clk 1:41:13]} 3. Bb5+ {[%clk 1:41:10]} Bd7 {[%clk 1:41:34]} 4. Bxd7+
{[%clk 1:41:32]} Qxd7 {[%clk 1:42:02]} 5. c4 {[%clk 1:41:53]} Nf6
{[%clk 1:41:52]} 6. Nc3 {[%clk 1:42:08]} g6 {[%clk 1:42:08]} 7. d4
{[%clk 1:41:25]} cxd4 {[%clk 1:42:30]} 8. Nxd4 {[%clk 1:41:50]} Bg7
{[%clk 1:42:53]} 9. b3 {[%clk 1:41:20]} O-O {[%clk 1:43:05]} 10. Bb2
{[%clk 1:29:23]} Nc6 {[%clk 1:42:35]} 11. Nxc6 {[%clk 1:06:43]} bxc6
{[%clk 1:40:24]} 12. Qe2 {[%clk 1:06:18]} Qc7 {[%clk 1:31:54]} 13. O-O
{[%clk 1:06:21]} Nd7 {[%clk 1:23:38]} 14. Rac1 {[%clk 0:58:50]} a5
{[%clk 1:17:24]} 15. Rfd1 {[%clk 0:50:10]} Rfb8 {[%clk 1:17:28]} 16. Ba3
{[%clk 0:36:34]} Bxc3 {[%clk 0:59:02]} 17. Rxc3 {[%clk 0:36:57]} c5
{[%clk 0:59:28]} 18. Bb2 {[%clk 0:28:26]} a4 19. Rh3 {[%clk 0:16:02]} axb3
{[%clk 0:56:16]} 20. Qe3 {[%clk 0:14:00]} f6 {[%clk 0:55:07]} 21. axb3
{[%clk 0:12:16]} Ra2 {[%clk 0:54:23]} 22. Bc1 {[%clk 0:10:48]} Nf8
{[%clk 0:51:34]} 23. Qd3 {[%clk 0:08:51]} Qb7 {[%clk 0:48:47]} 24. Rg3
{[%clk 0:08:50]} Ra1 {[%clk 0:44:58]} 25. h4 {[%clk 0:08:18]} Ne6
{[%clk 0:39:30]} 26. h5 {[%clk 0:05:26]} g5 27. f3 Qxb3 {[%clk 0:33:14]} 28. Qd5
{[%clk 0:00:39]} Kf7 {[%clk 0:27:11]} 29. Kh2 {[%clk 0:00:40]} Qc2
{[%clk 0:27:21]} 30. f4 {[%clk 0:00:35]} gxf4 {[%clk 0:25:03]} 31. Rg7+
{[%clk 0:00:34]} Kxg7 {[%clk 0:24:43]} 32. Qxe6 {[%clk 0:00:48]} Kf8
{[%clk 0:23:25]} 33. Bxf4 {[%clk 0:00:34]} Qxd1 {[%clk 0:23:36]} 34. Bh6+
{[%clk 0:01:01]} Ke8 {[%clk 0:23:57]} 35. Qg8+ {[%clk 0:01:23]} Kd7
{[%clk 0:24:19]} 36. Qxb8 {[%clk 0:01:49]} Qxh5+ {[%clk 0:23:27]} 37. Kg3
{[%clk 0:01:51]} Qxh6 {[%clk 0:22:36]} 38. Qb7+ {[%clk 0:02:05]} Ke8
{[%clk 0:22:51]} 0-1

[Event "Hastings Masters"]
[Site "Horntye, Hastings"]
[Date "2018.01.02"]
[Round "6.30"]
[White "Forster, Matthew"]
[Black "Snape, Ian L"]
[Result "0-1"]
[BlackElo "2152"]
[WhiteElo "1979"]
[LiveChessVersion "1.4.8"]

1. c4 {[%clk 1:40:54]} Nf6 {[%clk 1:40:53]} 2. g3 {[%clk 1:41:17]} g6
{[%clk 1:41:13]} 3. Bg2 {[%clk 1:41:41]} Bg7 {[%clk 1:41:40]} 4. Nc3
{[%clk 1:41:38]} O-O {[%clk 1:42:03]} 5. Nf3 {[%clk 1:42:00]} d6 {[%clk 1:42:18]}
6. O-O {[%clk 1:42:24]} Nc6 {[%clk 1:42:36]} 7. Rb1 {[%clk 1:42:33]} a5
{[%clk 1:43:00]} 8. a3 {[%clk 1:42:58]} e5 {[%clk 1:43:23]} 9. d3
{[%clk 1:43:24]} h6 {[%clk 1:43:48]} 10. b4 {[%clk 1:43:46]} axb4
{[%clk 1:44:14]} 11. axb4 {[%clk 1:44:09]} Be6 {[%clk 1:44:41]} 12. b5
{[%clk 1:44:14]} Ne7 {[%clk 1:45:06]} 13. Bb2 {[%clk 1:44:30]} Qd7
{[%clk 1:44:28]} 14. Re1 {[%clk 1:44:48]} Bh3 {[%clk 1:44:44]} 15. Bh1
{[%clk 1:45:12]} Ng4 {[%clk 1:44:33]} 16. Qb3 {[%clk 1:44:56]} Kh8
{[%clk 1:44:51]} 17. Ra1 {[%clk 1:44:32]} Rab8 {[%clk 1:45:17]} 18. Ra7
{[%clk 1:38:05]} f5 {[%clk 1:44:37]} 19. Nd2 {[%clk 1:36:10]} f4 {[%clk 1:43:24]}
20. Nde4 {[%clk 1:35:13]} Kh7 {[%clk 1:26:16]} 21. Ba3 Nc8 {[%clk 1:08:23]} 22.
Ra4 {[%clk 1:26:51]} Qf7 {[%clk 0:33:52]} 23. Bf3 {[%clk 1:15:06]} b6
{[%clk 0:28:11]} 24. Nd5 {[%clk 1:10:17]} Nf6 {[%clk 0:26:22]} 25. Ndxf6+
{[%clk 1:06:45]} Bxf6 {[%clk 0:26:47]} 26. Bb2 {[%clk 1:04:24]} Bg7
{[%clk 0:26:20]} 27. Rea1 {[%clk 1:00:55]} Qe6 {[%clk 0:22:57]} 28. Ra8
{[%clk 0:58:17]} Rxa8 {[%clk 0:23:24]} 29. Rxa8 {[%clk 0:58:46]} Bg4
{[%clk 0:23:27]} 30. Nd2 {[%clk 0:48:04]} Bxf3 {[%clk 0:23:24]} 31. Nxf3
{[%clk 0:44:17]} fxg3 {[%clk 0:18:58]} 32. hxg3 {[%clk 0:43:25]} Rf5
{[%clk 0:16:30]} 33. Nh2 {[%clk 0:32:07]} Rf7 {[%clk 0:11:48]} 34. Qc2
{[%clk 0:28:03]} Ne7 {[%clk 0:11:59]} 35. Ra7 {[%clk 0:27:13]} Nf5
{[%clk 0:11:03]} 36. e3 {[%clk 0:24:13]} h5 {[%clk 0:10:28]} 37. Qe2
{[%clk 0:19:13]} Nh6 {[%clk 0:08:21]} 38. Nf3 {[%clk 0:17:07]} Qg4
{[%clk 0:08:42]} 39. Kg2 {[%clk 0:15:25]} e4 {[%clk 0:08:56]} 40. Nd4
{[%clk 0:12:33]} Qxe2 {[%clk 0:09:17]} 41. Nxe2 {[%clk 0:12:59]} Bxb2
{[%clk 0:09:37]} 42. dxe4 {[%clk 0:13:16]} Ng4 {[%clk 0:09:08]} 43. Nf4
{[%clk 0:13:15]} Be5 {[%clk 0:02:29]} 44. Nd5 {[%clk 0:13:07]} Rxf2+
{[%clk 0:01:05]} 45. Kg1 {[%clk 0:13:00]} Rf7 {[%clk 0:00:50]} 46. Nxb6
{[%clk 0:13:12]} Nxe3 {[%clk 0:49:50]} 0-1

[Event "Hastings Masters"]
[Site "Horntye, Hastings"]
[Date "2018.01.02"]
[Round "6.31"]
[White "Metcalfe, Charlie P"]
[Black "Woong, Zhi Wei William"]
[Result "0-1"]
[BlackElo "2137"]
[WhiteElo "1705"]
[LiveChessVersion "1.4.8"]

1. d4 {[%clk 1:40:59]} d5 {[%clk 1:40:48]} 2. Nf3 {[%clk 1:41:27]} Nf6
{[%clk 1:41:11]} 3. c4 {[%clk 1:41:54]} e6 {[%clk 1:41:34]} 4. Nc3
{[%clk 1:42:21]} Be7 {[%clk 1:41:41]} 5. Bf4 {[%clk 1:42:43]} O-O
{[%clk 1:41:55]} 6. e3 {[%clk 1:43:08]} b6 {[%clk 1:41:43]} 7. Bd3
{[%clk 1:43:25]} c5 {[%clk 1:41:46]} 8. cxd5 {[%clk 1:43:11]} Nxd5
{[%clk 1:39:24]} 9. Nxd5 {[%clk 1:43:29]} exd5 {[%clk 1:39:41]} 10. O-O
{[%clk 1:42:22]} Be6 {[%clk 1:35:12]} 11. Ne5 {[%clk 1:33:56]} Bd6
{[%clk 1:21:38]} 12. Qh5 {[%clk 1:21:40]} f5 {[%clk 1:18:57]} 13. g4
{[%clk 1:10:40]} Bxe5 {[%clk 1:05:41]} 14. Bxe5 {[%clk 1:05:10]} g6
{[%clk 1:02:50]} 15. Qh6 {[%clk 1:04:30]} Qe7 {[%clk 1:02:38]} 16. dxc5
{[%clk 0:59:42]} bxc5 {[%clk 1:02:03]} 17. h4 {[%clk 0:57:49]} Nc6
{[%clk 1:00:29]} 18. Bf4 {[%clk 0:56:20]} c4 {[%clk 0:48:37]} 19. Bc2
{[%clk 0:52:14]} Qg7 {[%clk 0:38:55]} 20. Ba4 {[%clk 0:43:55]} Nd8
{[%clk 0:29:27]} 21. Qxg7+ {[%clk 0:37:57]} Kxg7 {[%clk 0:29:52]} 22. Be5+
{[%clk 0:37:05]} Kg8 {[%clk 0:27:52]} 23. gxf5 {[%clk 0:36:09]} Rxf5
{[%clk 0:26:47]} 24. Bd4 {[%clk 0:35:28]} Rf7 {[%clk 0:21:17]} 25. Kg2
{[%clk 0:33:45]} Bd7 {[%clk 0:17:38]} 26. Bd1 {[%clk 0:32:44]} Ne6
{[%clk 0:15:27]} 27. Bc3 {[%clk 0:31:58]} Bc6 {[%clk 0:13:05]} 28. Kh2
{[%clk 0:30:55]} Raf8 {[%clk 0:09:22]} 29. Kg3 {[%clk 0:30:12]} Nc5
{[%clk 0:09:12]} 30. f3 {[%clk 0:27:04]} Ne4+ {[%clk 0:09:04]} 31. Kg2
{[%clk 0:26:20]} Nxc3 {[%clk 0:08:58]} 32. bxc3 {[%clk 0:26:47]} Rb7
{[%clk 0:08:58]} 33. Be2 {[%clk 0:23:40]} Re8 {[%clk 0:08:02]} 34. Kf2
{[%clk 0:23:31]} Rbe7 {[%clk 0:06:41]} 35. e4 {[%clk 0:22:40]} Kg7
{[%clk 0:06:48]} 36. Rae1 {[%clk 0:17:42]} dxe4 {[%clk 0:07:09]} 37. Bxc4
{[%clk 0:17:32]} exf3 {[%clk 0:06:40]} 38. Rxe7+ {[%clk 0:15:22]} Rxe7
{[%clk 0:07:05]} 39. Re1 {[%clk 0:14:17]} Rxe1 {[%clk 0:05:53]} 40. Kxe1
{[%clk 0:14:46]} Kf6 {[%clk 0:06:09]} 41. Kf2 {[%clk 0:14:36]} Kf5
{[%clk 0:41:13]} 42. Kg3 {[%clk 1:03:54]} Ke4 {[%clk 0:39:07]} 43. Kg4
{[%clk 1:03:28]} h6 {[%clk 0:36:08]} 44. Bf7 {[%clk 1:03:26]} f2 {[%clk 0:35:56]}
45. Bc4 {[%clk 1:03:46]} Ke3 {[%clk 0:35:47]} 46. Kg3 {[%clk 1:04:08]} Bf3
{[%clk 0:36:00]} 47. h5 {[%clk 1:04:14]} 0-1

[Event "Hastings Masters"]
[Site "Horntye, Hastings"]
[Date "2018.01.02"]
[Round "6.33"]
[White "White, Stuart A"]
[Black "Witt, Holger"]
[Result "1-0"]
[BlackElo "1585"]
[WhiteElo "2112"]
[LiveChessVersion "1.4.8"]

1. d4 {[%clk 1:40:57]} Nf6 {[%clk 1:40:53]} 2. c4 {[%clk 1:41:21]} g6
{[%clk 1:41:18]} 3. Nc3 {[%clk 1:41:48]} Bg7 {[%clk 1:41:41]} 4. e4
{[%clk 1:42:14]} d6 {[%clk 1:42:06]} 5. Nf3 {[%clk 1:42:38]} O-O {[%clk 1:42:30]}
6. h3 {[%clk 1:43:02]} e5 {[%clk 1:42:34]} 7. d5 {[%clk 1:42:04]} Nh5
{[%clk 1:40:45]} 8. Nh2 {[%clk 1:36:09]} f5 {[%clk 1:06:48]} 9. exf5
{[%clk 1:34:01]} Rxf5 {[%clk 1:07:16]} 10. g4 {[%clk 1:31:54]} Rxf2
{[%clk 1:07:03]} 11. Kxf2 {[%clk 1:25:08]} Qh4+ {[%clk 0:38:11]} 12. Kg1
{[%clk 1:25:27]} Qg3+ {[%clk 0:38:27]} 13. Bg2 {[%clk 1:22:09]} Nf4
{[%clk 0:38:55]} 14. Bxf4 {[%clk 1:21:41]} exf4 {[%clk 0:29:46]} 15. Nf3
{[%clk 1:21:39]} Bd7 16. Ne4 1-0

[Event "Hastings Masters"]
[Site "Horntye, Hastings"]
[Date "2018.01.02"]
[Round "6.34"]
[White "Hand, Freddie"]
[Black "Wilson, Matthew R"]
[Result "1/2-1/2"]
[BlackElo "1782"]
[WhiteElo "2139"]
[LiveChessVersion "1.4.8"]

1. d4 {[%clk 1:40:56]} Nf6 {[%clk 1:40:39]} 2. c4 {[%clk 1:41:21]} e6
{[%clk 1:41:05]} 3. Nc3 {[%clk 1:41:48]} d5 {[%clk 1:41:32]} 4. cxd5
{[%clk 1:42:06]} exd5 {[%clk 1:41:59]} 5. Bg5 {[%clk 1:42:31]} c6
{[%clk 1:42:18]} 6. Qc2 {[%clk 1:42:53]} Be7 {[%clk 1:42:26]} 7. e3
{[%clk 1:43:16]} Nbd7 {[%clk 1:42:46]} 8. Bd3 {[%clk 1:43:11]} h6
{[%clk 1:42:59]} 9. Bh4 {[%clk 1:41:49]} Nh5 {[%clk 1:43:16]} 10. Bxe7
{[%clk 1:41:51]} Qxe7 {[%clk 1:43:39]} 11. O-O-O {[%clk 1:39:52]} Nb6
{[%clk 1:38:59]} 12. Nge2 {[%clk 1:39:50]} Nf6 {[%clk 1:38:59]} 13. Kb1
{[%clk 1:39:55]} Be6 {[%clk 1:38:42]} 14. Ng3 {[%clk 1:36:17]} g6
{[%clk 1:36:17]} 15. Rc1 {[%clk 1:29:55]} O-O-O {[%clk 1:34:25]} 16. Na4
{[%clk 1:30:10]} Nbd7 {[%clk 1:26:10]} 17. Qb3 {[%clk 1:11:43]} Qd6
{[%clk 1:02:50]} 18. Rc2 {[%clk 0:58:50]} Kb8 {[%clk 1:01:31]} 19. Rhc1
{[%clk 0:58:27]} Ka8 {[%clk 0:52:11]} 20. h3 {[%clk 0:47:45]} Rc8
{[%clk 0:45:38]} 21. Nc5 {[%clk 0:40:39]} Nxc5 {[%clk 0:45:26]} 22. dxc5
{[%clk 0:40:12]} Qe5 {[%clk 0:34:50]} 23. Qa4 {[%clk 0:40:01]} Rhd8
{[%clk 0:25:29]} 24. Rc3 {[%clk 0:37:01]} d4 {[%clk 0:22:45]} 25. Ra3
{[%clk 0:37:21]} Qb8 {[%clk 0:23:11]} 26. exd4 {[%clk 0:37:23]} Rd7
{[%clk 0:18:52]} 27. Ne4 {[%clk 0:27:16]} Nxe4 {[%clk 0:18:47]} 28. Bxe4
{[%clk 0:27:41]} Bd5 {[%clk 0:14:38]} 29. Bxd5 {[%clk 0:27:12]} Rxd5
{[%clk 0:15:06]} 30. Rd1 {[%clk 0:21:05]} Rcd8 {[%clk 0:15:03]} 31. g3
{[%clk 0:18:55]} a6 {[%clk 0:15:00]} 32. Qc4 {[%clk 0:18:56]} Qc8
{[%clk 0:14:46]} 33. g4 {[%clk 0:08:19]} h5 {[%clk 0:09:26]} 34. f3
{[%clk 0:08:17]} Rh8 {[%clk 0:07:45]} 35. Qe2 {[%clk 0:06:17]} hxg4
{[%clk 0:06:18]} 36. fxg4 {[%clk 0:06:01]} f5 {[%clk 0:04:26]} 37. Re3
{[%clk 0:02:26]} fxg4 {[%clk 0:01:29]} 38. hxg4 {[%clk 0:02:53]} Rhd8
{[%clk 0:00:56]} 39. Red3 {[%clk 0:00:46]} g5 {[%clk 0:00:46]} 40. a3
{[%clk 0:00:40]} Qc7 {[%clk 0:00:38]} 41. Qe4 {[%clk 0:27:05]} Qd7
{[%clk 0:44:33]} 42. Kc2 {[%clk 0:24:47]} Rf8 {[%clk 0:42:11]} 43. Re1
{[%clk 0:22:41]} Rf4 {[%clk 0:37:17]} 44. Qe8+ {[%clk 0:21:35]} Ka7
{[%clk 0:35:57]} 45. Qxd7 {[%clk 0:10:27]} Rxd7 {[%clk 0:36:12]} 46. Rg3
{[%clk 0:09:25]} Rdxd4 {[%clk 0:36:16]} 47. Re5 {[%clk 0:09:20]} Rxg4
{[%clk 0:35:41]} 48. Rxg5 {[%clk 0:09:39]} Rxg3 {[%clk 0:35:03]} 1/2-1/2

[Event "Hastings Masters"]
[Site "Horntye, Hastings"]
[Date "2018.01.02"]
[Round "6.35"]
[White "Lochte, Szilvia"]
[Black "Coote, Trevor D"]
[Result "1-0"]
[BlackElo "2104"]
[WhiteElo "1850"]
[LiveChessVersion "1.4.8"]

1. d4 {[%clk 1:40:55]} c5 {[%clk 1:40:55]} 2. d5 {[%clk 1:40:59]} Nf6
{[%clk 1:41:17]} 3. Nc3 {[%clk 1:41:15]} d6 {[%clk 1:41:28]} 4. e4
{[%clk 1:41:11]} g6 {[%clk 1:41:27]} 5. Nf3 {[%clk 1:39:51]} Bg7 {[%clk 1:41:47]}
6. Be2 {[%clk 1:39:05]} O-O {[%clk 1:41:51]} 7. O-O {[%clk 1:38:28]} Nbd7
{[%clk 1:29:10]} 8. h3 {[%clk 1:31:24]} a6 {[%clk 1:26:39]} 9. a4
{[%clk 1:29:34]} Rb8 {[%clk 1:25:25]} 10. a5 {[%clk 1:26:05]} Qc7
{[%clk 1:17:41]} 11. Nd2 {[%clk 1:18:32]} b5 {[%clk 1:12:03]} 12. axb6
{[%clk 1:18:03]} Nxb6 {[%clk 1:12:31]} 13. Nc4 {[%clk 1:05:22]} Nxc4
{[%clk 1:07:05]} 14. Bxc4 {[%clk 1:05:44]} Nd7 {[%clk 0:54:15]} 15. Ra3
{[%clk 1:00:29]} a5 {[%clk 0:46:32]} 16. Qe1 {[%clk 0:52:33]} Ne5
{[%clk 0:43:20]} 17. Nb5 {[%clk 0:49:51]} Qb6 {[%clk 0:41:03]} 18. Be2
{[%clk 0:49:38]} Ba6 {[%clk 0:34:35]} 19. Rxa5 {[%clk 0:43:18]} f5
{[%clk 0:27:38]} 20. exf5 {[%clk 0:37:28]} Rxf5 {[%clk 0:27:33]} 21. Bd2
{[%clk 0:30:49]} Rbf8 {[%clk 0:16:30]} 22. Nxd6 {[%clk 0:22:08]} Qxd6
{[%clk 0:08:37]} 23. Bxa6 {[%clk 0:18:53]} Qxd5 {[%clk 0:08:13]} 24. Be3
{[%clk 0:18:26]} Qc6 {[%clk 0:03:07]} 25. Bxc5 {[%clk 0:08:59]} Nf3+
{[%clk 0:03:36]} 26. gxf3 {[%clk 0:09:05]} Rg5+ {[%clk 0:04:04]} 27. Kh2
{[%clk 0:08:23]} Qxf3 {[%clk 0:03:17]} 28. Rg1 {[%clk 0:06:35]} Be5+
{[%clk 0:03:45]} 29. Rg3 {[%clk 0:06:55]} Bxg3+ {[%clk 0:02:09]} 30. fxg3
{[%clk 0:07:17]} Rgf5 {[%clk 0:01:05]} 31. Bc4+ {[%clk 0:07:14]} Kg7
{[%clk 0:01:08]} 32. Qxe7+ {[%clk 0:05:48]} Kh6 {[%clk 0:01:33]} 33. Be3+
{[%clk 0:05:29]} g5 {[%clk 0:01:05]} 34. Ra6+ {[%clk 0:04:45]} R5f6
{[%clk 0:01:02]} 1-0